LEADER 01078nam a2200229 i 4500 001 000000006843 003 CaOOAMICUS 005 20201103114245.0 008 180830n fr u000 u und u 040 $aSeMil$bita 100 1 $aPrat, Ferdinand .$0(OLS)http://semarc/name/3556 245 13$aLa théologie de Saint Paul /$cF. Prat. 260 $aParis :$bBeauchesne 300 $a2 v. ;$c24 cm. 650 4$aTeologia biblica - NT - Lettere di Paolo.$0(OLS)http://semarc/subject/1087 650 4$aPaolo - Teologia.$0(OLS)http://semarc/subject/1088 774 0 $t1. partie.$dParis : Beauchesne, 1930.$b18. éd.$kBibliothèque de théologie historique$w()46169 774 0 $t2. partie.$dParis : Beauchesne, 1929.$b15. éd.$kBibliothèque de théologie historique$w()104666 830 0$aBibliothèque de théologie historique.$0(OLS)http://semarc/title/8153 996 $6245$aLa théologie de Saint Paul$9(OLS)http://semarc/title/9141 996 $6260$aParis :$bBeauchesne$9(OLS)http://semarc/publisher/29638 LEADER 00884nab a2200145 i 4500 001 000000282382 003 CaOOAMICUS 005 20141104000000.0 008 141104n xx uu u0 0und r 013 $a35207 040 $aSeMil$bita 245 10$aRivoluzione Socialista :$bGiornale della Federazione Giovanile del Partito Socialista Italiano di Unità Proletaria. Edizione Lombarda. - Riproduzione anastatica del N. 1, Anno 1., 25 Giugno 1944. 700 1 $aPartito socialista italiano di unità proletaria <1943-1947>.$0(OLS)http://semarc/name/84397 773 0 $tGiornali della Resistenza.$dMilano : Ufficio Stampa del Comune di Milano, 1970.$w()209602 996 $6245$aRivoluzione Socialista :$bGiornale della Federazione Giovanile del Partito Socialista Italiano di Unità Proletaria. Edizione Lombarda. - Riproduzione anastatica del N. 1, Anno 1., 25 Giugno 1944.$9(OLS)http://semarc/title/364454